000 00666nam a22002177a 4500
003 UA-OsUOA
001 10577
007 ta
008 20050126b un ||||| |||| 00| 0 ukr d
100 _aКорнієвський О.
700 _aШиманський В.
942 _cSA
040 _aUA-OsUOA
_bukr
_cUA-OsUOA
_dUA-OsUOA
245 _aУ світ, де не спалахують конфлікти : Доктрина розширення демократії : геополітичні аспекти політики США
300 _aС.38 - 43
955 _a0
041 _aukr
044 _aUA
773 0 _w0
650 7 _aДемократия
_2UDC
999 _c296738
_d296738